Review of Accounting and Finance
Guardado en:
| Formato: | Seriadas |
|---|---|
| Lenguaje: | inglés |
| Publicado: |
Bingley
Emerald Publishing
|
| Etiquetas: |
Sin Etiquetas, Sea el primero en etiquetar este registro!
|
MARC
| LEADER | 00000nas1a2200000 4500 | ||
|---|---|---|---|
| 001 | 0311358 | ||
| 005 | 20250701102743.0 | ||
| 022 | |a 1475-7702 | ||
| 022 | |a 1758-7700 | ||
| 041 | 0 | |a eng | |
| 044 | |a GB | ||
| 245 | 1 | 0 | |a Review of Accounting and Finance |
| 264 | 1 | |a Bingley |b Emerald Publishing | |